<?xml version="1.0" encoding="UTF-8"?>
<record
    xmlns:xsi="http://www.w3.org/2001/XMLSchema-instance"
    xsi:schemaLocation="http://www.loc.gov/MARC21/slim http://www.loc.gov/standards/marcxml/schema/MARC21slim.xsd"
    xmlns="http://www.loc.gov/MARC21/slim">

  <leader>01418nam a22002777a 4500</leader>
  <controlfield tag="005">20170124103127.0</controlfield>
  <datafield tag="010" ind1=" " ind2=" ">
    <subfield code="a">B-111796</subfield>
  </datafield>
  <datafield tag="020" ind1=" " ind2=" ">
    <subfield code="c">195.00</subfield>
    <subfield code="a">8187471107</subfield>
  </datafield>
  <datafield tag="035" ind1=" " ind2=" ">
    <subfield code="a">B-111796</subfield>
  </datafield>
  <datafield tag="037" ind1=" " ind2=" ">
    <subfield code="b">Cen Lib/Ret</subfield>
  </datafield>
  <datafield tag="040" ind1=" " ind2=" ">
    <subfield code="a">DPL</subfield>
    <subfield code="b">HN</subfield>
  </datafield>
  <datafield tag="082" ind1=" " ind2=" ">
    <subfield code="a">220.21</subfield>
    <subfield code="b">&#x91C;&#x94B;&#x936;&#x940;&#x915;&#x93F;</subfield>
  </datafield>
  <datafield tag="100" ind1=" " ind2=" ">
    <subfield code="a">&#x91C;&#x94B;&#x936;&#x940;, &#x915;&#x93F;&#x930;&#x940;&#x91F;</subfield>
    <subfield code="9">83413</subfield>
  </datafield>
  <datafield tag="245" ind1=" " ind2=" ">
    <subfield code="a">&#x935;&#x947;&#x926; &#x914;&#x930; &#x92D;&#x93E;&#x930;&#x924;&#x940;&#x92F; &#x938;&#x902;&#x938;&#x94D;&#x915;&#x943;&#x924;&#x93F; /</subfield>
    <subfield code="c">&#x915;&#x93F;&#x930;&#x940;&#x91F; &#x91C;&#x94B;&#x936;&#x940;; &#x905;&#x928;&#x941;&#x935;&#x93E;&#x926;&#x915; &#x938;&#x924;&#x94D;&#x92F; &#x92A;&#x94D;&#x930;&#x915;&#x93E;&#x936; &#x938;&#x93F;&#x902;&#x939; </subfield>
  </datafield>
  <datafield tag="246" ind1=" " ind2=" ">
    <subfield code="a">Veda aur bhartiya sanskriti /</subfield>
    <subfield code="b">by Krit Joshi; anuvadak Satya Prakash Singh </subfield>
  </datafield>
  <datafield tag="260" ind1=" " ind2=" ">
    <subfield code="a">&#x928;&#x92F;&#x940; &#x926;&#x93F;&#x932;&#x94D;&#x932;&#x940; </subfield>
    <subfield code="b">&#x938;&#x94D;&#x91F;&#x948;&#x902;&#x921;&#x930;&#x94D;&#x921;&#x94D;&#x938; &#x92A;&#x92C;&#x94D;&#x932;&#x93F;&#x936;&#x930;&#x94D;&#x938; </subfield>
    <subfield code="c">2003</subfield>
  </datafield>
  <datafield tag="270" ind1=" " ind2=" ">
    <subfield code="a">&#x91C;&#x93C;&#x940;-126/2, &#x930;&#x93E;&#x91C;&#x93E;&#x92A;&#x941;&#x930;&#x940; &#x92E;&#x947;&#x928; &#x930;&#x94B;&#x921;, &#x909;&#x924;&#x94D;&#x924;&#x92E; &#x928;&#x917;&#x930; </subfield>
    <subfield code="b">&#x928;&#x92F;&#x940; &#x926;&#x93F;&#x932;&#x94D;&#x932;&#x940; </subfield>
    <subfield code="e">110059</subfield>
  </datafield>
  <datafield tag="300" ind1=" " ind2=" ">
    <subfield code="a">144&#x92A;&#x943;. </subfield>
    <subfield code="c">21&#x938;&#x947;&#x92E;&#x940; (&#x905;&#x91C;&#x93F;&#x932;&#x94D;&#x926;)</subfield>
  </datafield>
  <datafield tag="500" ind1=" " ind2=" ">
    <subfield code="a">&#x938;&#x928;&#x94D;&#x926;&#x930;&#x94D;&#x92D; &#x938;&#x942;&#x91A;&#x940; &#x914;&#x930; &#x92A;&#x930;&#x93F;&#x936;&#x93F;&#x937;&#x94D;&#x91F; &#x936;&#x93E;&#x92E;&#x93F;&#x932; </subfield>
  </datafield>
  <datafield tag="650" ind1=" " ind2=" ">
    <subfield code="a">&#x935;&#x947;&#x926; - &#x906;&#x932;&#x94B;&#x91A;&#x928;&#x93E;, &#x935;&#x94D;&#x92F;&#x93E;&#x916;&#x94D;&#x92F;&#x93E;, &#x906;&#x926;&#x93F;</subfield>
    <subfield code="9">83414</subfield>
  </datafield>
  <datafield tag="650" ind1=" " ind2=" ">
    <subfield code="a">&#x92D;&#x93E;&#x930;&#x924; - &#x938;&#x92D;&#x94D;&#x92F;&#x924;&#x93E;&#x964;</subfield>
    <subfield code="9">83415</subfield>
  </datafield>
  <datafield tag="650" ind1=" " ind2=" ">
    <subfield code="a">Vedas -- Criticism, interpretation, etc.</subfield>
    <subfield code="9">11104</subfield>
  </datafield>
  <datafield tag="650" ind1=" " ind2=" ">
    <subfield code="a">India -- Civilization.</subfield>
    <subfield code="9">12282</subfield>
  </datafield>
  <datafield tag="700" ind1=" " ind2=" ">
    <subfield code="a">&#x938;&#x924;&#x94D;&#x92F; &#x92A;&#x94D;&#x930;&#x915;&#x93E;&#x936; &#x938;&#x93F;&#x902;&#x939; </subfield>
    <subfield code="9">83416</subfield>
  </datafield>
  <datafield tag="942" ind1=" " ind2=" ">
    <subfield code="2">ddc</subfield>
    <subfield code="c">HN</subfield>
    <subfield code="h">220.21</subfield>
    <subfield code="m">&#x91C;&#x94B;&#x936;&#x940;&#x915;&#x93F;</subfield>
  </datafield>
  <datafield tag="999" ind1=" " ind2=" ">
    <subfield code="c">119113</subfield>
    <subfield code="d">119113</subfield>
  </datafield>
  <datafield tag="952" ind1=" " ind2=" ">
    <subfield code="0">0</subfield>
    <subfield code="1">0</subfield>
    <subfield code="4">0</subfield>
    <subfield code="7">0</subfield>
    <subfield code="a">L</subfield>
    <subfield code="b">L</subfield>
    <subfield code="d">2015-09-15</subfield>
    <subfield code="e">Cen Lib/Ret</subfield>
    <subfield code="g">195.00</subfield>
    <subfield code="l">7</subfield>
    <subfield code="o">220.21 &#x91C;&#x94B;&#x936;&#x940;&#x915;&#x93F;</subfield>
    <subfield code="p">B-111796</subfield>
    <subfield code="r">2020-12-26 00:00:00</subfield>
    <subfield code="s">2020-12-16</subfield>
    <subfield code="t">1</subfield>
    <subfield code="v">195.00</subfield>
    <subfield code="w">2015-09-15</subfield>
    <subfield code="y">HN</subfield>
  </datafield>
</record>
